<?xml version="1.0" encoding="UTF-8"?>
<record
    xmlns:xsi="http://www.w3.org/2001/XMLSchema-instance"
    xsi:schemaLocation="http://www.loc.gov/MARC21/slim http://www.loc.gov/standards/marcxml/schema/MARC21slim.xsd"
    xmlns="http://www.loc.gov/MARC21/slim">

  <leader>01145cam a2200265   4500</leader>
  <controlfield tag="001">ca 14000066 </controlfield>
  <controlfield tag="003">DLC</controlfield>
  <controlfield tag="005">20260227111059.0</controlfield>
  <controlfield tag="008">811005m18671868li e     b    000 0 ruso </controlfield>
  <datafield tag="010" ind1=" " ind2=" ">
    <subfield code="a">ca 14000066 </subfield>
  </datafield>
  <datafield tag="040" ind1=" " ind2=" ">
    <subfield code="a">DLC</subfield>
    <subfield code="c">DLC</subfield>
    <subfield code="d">DLC</subfield>
  </datafield>
  <datafield tag="043" ind1=" " ind2=" ">
    <subfield code="a">e-pl---</subfield>
  </datafield>
  <datafield tag="050" ind1="0" ind2="0">
    <subfield code="a">DK4370</subfield>
    <subfield code="b">.R37</subfield>
  </datafield>
  <datafield tag="051" ind1=" " ind2=" ">
    <subfield code="c">Copy 3. Russian Imperial Coll. On heavier paper. Imperfect: fold. plan wanting.</subfield>
  </datafield>
  <datafield tag="100" ind1="1" ind2=" ">
    <subfield code="a">Ratch, Vasil&#x12B;&#x12D; Fedorovich,</subfield>
    <subfield code="d">-1870.</subfield>
  </datafield>
  <datafield tag="240" ind1="1" ind2="0">
    <subfield code="a">Svedenii&#x361;a o pol&#x2B9;skom mi&#x361;atezhe 1863 g. v severo-zapadno&#x12D; Rossii</subfield>
  </datafield>
  <datafield tag="245" ind1="1" ind2="0">
    <subfield code="a">Svi&#x361;edi&#x361;en&#x12B;i&#x361;a o pol&#x2B9;skom mi&#x361;atezhi&#x361;e 1863 g. v si&#x361;evero-zapadno&#x12D; Rossii.</subfield>
    <subfield code="c">Sobral Vasil&#x12B;&#x12D; Ratch.</subfield>
  </datafield>
  <datafield tag="260" ind1=" " ind2=" ">
    <subfield code="a">Vil&#x2B9;na,</subfield>
    <subfield code="b">Tip. Gubernskago pravlen&#x12B;i&#x361;a</subfield>
    <subfield code="c">1867-1868.</subfield>
  </datafield>
  <datafield tag="300" ind1=" " ind2=" ">
    <subfield code="a">2 v.</subfield>
    <subfield code="b">fold. plan.</subfield>
    <subfield code="c">25 cm.</subfield>
  </datafield>
  <datafield tag="500" ind1=" " ind2=" ">
    <subfield code="a">No more published.</subfield>
  </datafield>
  <datafield tag="500" ind1=" " ind2=" ">
    <subfield code="a">Vol. 2 lacks author statement.</subfield>
  </datafield>
  <datafield tag="504" ind1=" " ind2=" ">
    <subfield code="a">Includes bibliographical references.</subfield>
  </datafield>
  <datafield tag="505" ind1="0" ind2=" ">
    <subfield code="a">t. 1. Vveden&#x12B;e. Si&#x361;evero-Zapadnai&#x361;a Ross&#x12B;i&#x361;a do paden&#x12B;i&#x361;a Ri&#x361;echi Pospolito&#x12D;.--t. 2. Organizat&#x361;s&#x12B;onnyi&#x361;a raboty polonizma: Bor&#x2B9;ba s polonizmom v Avstr&#x12B;i i Pruss&#x12B;i.</subfield>
  </datafield>
  <datafield tag="651" ind1=" " ind2="0">
    <subfield code="a">Poland</subfield>
    <subfield code="x">History</subfield>
    <subfield code="y">Revolution, 1863-1864.</subfield>
  </datafield>
  <datafield tag="999" ind1=" " ind2=" ">
    <subfield code="c">14748</subfield>
    <subfield code="d">14748</subfield>
  </datafield>
</record>
